Ten Minutes to Live.

Bibliographic Details
Corporate Author: Kanopy (Firm)
Format: Video
Language:English
Language Notes:In English
Published: [San Francisco, California, USA] : Kino Lorber Edu, 1932.
Kanopy Streaming, 2017.
Subjects:
Online Access:Connect to this streaming video (Kanopy)

MARC

Tag First Indicator Second Indicator Subfields
LEADER 00000cgm a2200000 i 4500
001 in00003847621
006 m o c
007 cr una---unuuu
007 vz uzazuu
008 170424p20171932cau000 o vleng d
005 20230309132204.5
028 5 2 |a 1278678  |b Kanopy 
035 |a (OCoLC)985065824 
035 |a (CaSfKAN)kan1278678 
035 |a in00003847621 
040 |a VDU  |b eng  |e rda  |c VDU  |d UtOrBLW 
245 0 0 |a Ten Minutes to Live. 
264 1 |b Kino Lorber Edu,  |c 1932. 
264 1 |a [San Francisco, California, USA] :  |b Kanopy Streaming,  |c 2017. 
300 |a 1 online resource (streaming video file) (0 minutes):  |b digital, .flv file, sound 
306 |a 000000 
336 |a two-dimensional moving image  |b tdi  |2 rdacontent 
337 |a video  |b v  |2 rdamedia 
337 |a computer  |b c  |2 rdamedia 
338 |a online resource  |b cr  |2 rdacarrier 
500 |a Title from title frames. 
500 |a In Process Record. 
500 |a Playlist 
518 |a Originally produced by Kino Lorber Edu in 1932. 
538 |a Mode of access: World Wide Web. 
546 |a In English  
650 0 |a Motion pictures.  |0 http://id.loc.gov/authorities/subjects/sh85088084 
655 7 |a Feature films.  |2 lcgft  |0 http://id.loc.gov/authorities/genreForms/gf2011026247 
710 2 |a Kanopy (Firm)  |0 http://id.loc.gov/authorities/names/no2014091415 
710 2 |a Kino Lorber Edu (Firm),  |e distributor.  |0 http://id.loc.gov/authorities/names/no2012156531 
856 4 0 |u http://proxy.library.tamu.edu/login?url=https://texasam.kanopy.com/node/278679  |z Connect to this streaming video (Kanopy)  |t 0 
999 f f |s a5193baf-0d9b-4f0e-a7bc-28acf3dcaa96  |i d13cab0a-36d6-3736-b6da-e6ad821b201b  |t 0 
952 f f |a Texas A&M University  |b College Station  |c Electronic Resources  |d Available Online  |t 0  |h No information provided 
998 f f |t 0  |l Available Online